Thế giới nghệ thuật “Truyện đường rừng” của Lý Văn Sâm

Lý Văn Sâm – Cuộc đời và sự nghiệp văn học. Cuộc sống và con người Phương Nam trong “truyện đường rừng” của Lý Văn Sâm. Đặc điểm nghệ thuật “truyện đường rừng” của Lý Văn Sâm

Αποθηκεύτηκε σε:
Λεπτομέρειες βιβλιογραφικής εγγραφής
Κύριος συγγραφέας: Bùi Bạch Huệ
Άλλοι συγγραφείς: Nguyễn Phong Nam PGS.TS (Hướng dẫn)
Μορφή: Βιβλίο
Γλώσσα:Vietnamese
Έκδοση: Đà Nẵng Đại học Đà Nẵng 2014
Θέματα:
Ετικέτες: Προσθήκη ετικέτας
Δεν υπάρχουν, Καταχωρήστε ετικέτα πρώτοι!
Thư viện lưu trữ: Mạng thư viện Đại học Đà Nẵng
LEADER 01706nam a2200361 4500
001 000020035
003 16476
005 20150310140318.0
008 141227s2014 viesd
041 |a vie 
082 1 4 |a 895.92233  |b BU-H 
100 1 |a Bùi Bạch Huệ 
245 1 |a Thế giới nghệ thuật “Truyện đường rừng” của Lý Văn Sâm  |c Bùi Bạch Huệ ; Nguyễn Phong Nam hướng dẫn.  |k Luận văn Thạc sĩ 
260 |a Đà Nẵng  |b Đại học Đà Nẵng  |c 2014 
300 |a 118 tr., phụ lục 3 tr.  |c 29 cm.  |e Tóm tắt 
500 |a Luận văn thạc sĩ Khoa học. Chuyên ngành: Văn học Việt Nam. Mã số: 60.22.34 
520 |a Lý Văn Sâm – Cuộc đời và sự nghiệp văn học. Cuộc sống và con người Phương Nam trong “truyện đường rừng” của Lý Văn Sâm. Đặc điểm nghệ thuật “truyện đường rừng” của Lý Văn Sâm 
600 1 4 |a Lý Văn Sâm  |d 1921-2000 
650 0 4 |a Truyện ngắn Việt Nam  |v Luận văn tốt nghiệp  |x Nghiên cứu 
653 |a Truyện ngắn Việt Nam 
653 |a Văn học Việt Nam 
653 |a Lý Văn Sâm 
700 1 |a Nguyễn Phong Nam  |c PGS.TS  |e Hướng dẫn 
OWN |a LSP 
AVA |a UDN50  |b LSP  |d 895.92233 BU-H  |e available  |t Error 5001 Not defined in file expand_doc_bib_avail.  |f 1  |g 0  |h N  |i 0  |k 1 
999 |a From the UDN01 
AVA |a UDN50  |b LSP  |d 895.92233 BU-H  |e available  |t Error 5001 Not defined in file expand_doc_bib_avail.  |f 1  |g 0  |h N  |i 0  |k 1 
TYP |a Monograph 
TYP |a Printed language 
980 |a Mạng thư viện Đại học Đà Nẵng